[Event "FIDE WCCC U12 2018"]
[Site "Santiago de Compostela"]
[Date "2018.11.11"]
[Round "7"]
[White "Yoo, Christopher Woojin"]
[Black "Han, Yichen"]
[Result "0-1"]
[WhiteElo "2407"]
[BlackElo "2061"]
[Annotator "TA"]
[PlyCount "100"]
[EventDate "2018.11.04"]
[EventType "swiss"]
[EventCountry "ESP"]
[SourceTitle "playchess.com"]
[Source "ChessBase"]
[SourceQuality "1"]

{[%evp 27,100,33,56,0,0,-25,22,0,25,20,33,19,34,24,34,26,34,22,35,0,12,0,1,0,0,0,0,0,0,-64,-64,-64,-60,-70,-70,-70,0,-8,-8,-13,-18,-77,-66,-221,-199,-348,-326,-319,-319,-2067,-1868,-5531,-5443,-6191,-6193,-6443,-6203,-5727,-5080,-29963,-29964,-29959,-29961,-29957,-29959,-29957,-11809,-29968,-29968,-29974,-29975,-29981,-29982,-29983,-29983]} 1. e4 c5 2. Nf3 d6 3. d4 cxd4 4. Nxd4 Nf6 5. Nc3 g6 6. Be3 Bg7 7. f3 O-O 8. Qd2 Nc6 9. O-O-O d5 10. Qe1 e5 11. Nxc6 bxc6 12. exd5 Nxd5 13. Bc4 Be6 14. Kb1 {B76: Sicilian Dragon: Yugoslav Attack, 9 g4 and 9 0-0-0} Qc7 {LiveBook: 4 Games} (14... Rb8 15. Ne4 Qc7 16. Bc5 Rfd8 17. g4 h6 18. Bb3 a5 19. Rg1 Rd7 20. h4 Rbd8 21. a4 Nf4 22. Rxd7 Rxd7 23. Bxe6 Nxe6 {½-½ (32) Anand,V (2776)-Nakamura,H (2787) Moscow 2018}) 15. Bc5 ({White should try} 15. Nxd5 $14 cxd5 16. Bxd5) 15... Rfd8 $11 {Black wants to play ...Nxc3+.} 16. Ne4 {The position is equal.} Nf4 (16... f5 $5 {[%cal Rf5e4]} 17. Ng5 Bc8 $11) 17. Bd6 $146 ({Predecessor:} 17. Bxe6 Rxd1+ 18. Qxd1 Nxe6 19. Qd6 {½-½ (19) Wang,J (2377)-Kurbonboeva,S (2241) Hamedan 2018}) 17... Qb6 (17... Qc8 $5 {[%cal Re6c4]} 18. Bxe6 Qxe6 $11) 18. Bxe6 Nxe6 19. Qc3 Nd4 20. g4 Nb5 21. Qb3 $1 Nxd6 22. Nxd6 Qxb3 23. cxb3 (23. axb3 {with more complications.} Rab8 24. Ka2 f6 25. h4 Bf8 26. Nc4) 23... Rd7 {[#] And now ...Rad8 would win.} 24. Ne4 (24. Kc2 {keeps more tension.} Kf8 25. Nc4 Rad8 26. Rxd7 Rxd7 27. Re1) 24... Rad8 $36 {[%mdl 2048] Black fights for an advantage.} 25. Rxd7 Rxd7 {[%mdl 4096] Endgame KRB-KRN} 26. Kc2 f6 27. h4 Rd4 28. Rd1 ({Better is} 28. Rh3 $11) 28... Rxd1 $15 29. Kxd1 {KB-KN} Kf7 30. Ke2 Ke6 31. Kd3 Kd5 (31... Bf8 $15) 32. b4 f5 33. Nc3+ Ke6 34. gxf5+ (34. g5 $11 {keeps the balance.}) 34... Kxf5 $17 35. Ne4 $2 {[#]} (35. b5 $1 $15 cxb5 36. Nxb5) 35... Kf4 36. Ng5 (36. Ke2 {was necessary.}) 36... Bf6 $19 37. Nxh7 Bxh4 38. Ke2 $2 (38. Nf8 Kxf3 39. Nxg6 e4+ 40. Kc2) 38... Be7 39. a3 g5 40. Kf2 Kf5 41. Ke3 Kg6 42. Ke4 Kxh7 43. Kxe5 {KB-KP} Kg6 44. b3 c5 45. b5 Bd8 46. Ke6 Kh5 47. Kf5 Kh4 {Black mates.} 48. a4 Kg3 49. a5 Bxa5 50. Kxg5 Kxf3 {Precision: White = 22%, Black = 85%.} 0-1

[Event "FIDE WCCC U12 2018"]
[Site "Santiago de Compostela"]
[Date "2018.11.11"]
[Round "7"]
[White "Murzin, Volodar"]
[Black "Wang, Jason"]
[Result "1/2-1/2"]
[WhiteElo "2340"]
[BlackElo "2229"]
[Annotator "TA"]
[PlyCount "186"]
[EventDate "2018.11.04"]
[EventType "swiss"]
[EventCountry "ESP"]
[SourceTitle "playchess.com"]
[Source "ChessBase"]
[SourceQuality "1"]

{[%evp 18,186,20,27,24,19,20,21,25,22,20,-1,0,0,0,-6,18,8,4,0,10,8,22,0,57,58,127,36,82,83,89,81,130,125,185,191,490,122,179,163,169,166,161,156,164,161,161,168,173,121,112,116,111,88,90,60,71,76,82,77,87,87,95,84,87,93,93,78,83,0,86,79,72,72,72,72,122,122,137,137,137,137,161,102,102,102,102,59,59,58,58,14,245,245,503,47,62,47,47,47,268,244,245,238,196,80,189,80,80,80,80,80,80,80,80,80,80,47,80,80,80,47,47,47,68,68,68,8,8,8,8,8,8,8,8,8,8,8,8,8,8,8,8,8,8,8,8,8,8,8,8,8,8,8,8,8,8,8,8,8,8,8,8,8,8,8,8,8,8,8,8]} 1. e4 c5 2. Nf3 e6 3. g3 d5 4. exd5 exd5 5. d4 Nc6 6. Bg2 Nf6 7. O-O Be7 8. dxc5 Bxc5 9. Nc3 O-O 10. a3 {LiveBook: 12 Games. B40: Sicilian: 2...e6, Unusual lines} Bg4 $146 ({Predecessor:} 10... a6 11. b4 Ba7 12. Bg5 Be6 13. Bxf6 Qxf6 14. Nxd5 Bxd5 15. Qxd5 Rad8 16. Qb3 Rfe8 17. Rae1 h6 {1-0 (26) Zvjaginsev,V (2644)-Yudin,S (2525) Cheliabinsk 2018}) 11. h3 Be6 12. b4 Bd6 13. Bg5 Be7 14. Be3 Rc8 15. Ne2 Bd6 16. Ned4 Qd7 17. Nxe6 fxe6 18. Re1 Rfe8 19. Nd4 e5 20. Nb3 Bb8 (20... e4 $11) 21. Bg5 $14 {And now Bxf6 would win.} Rcd8 {[#]} ({Black should try} 21... Red8 $1 $14) 22. Qe2 (22. c4 $1 $16 {[%mdl 512]}) 22... Qf5 23. Bxf6 Qxf6 24. c4 Ne7 25. cxd5 Nxd5 (25... b6 $16 26. Rad1 Bd6) 26. Rad1 $18 Qf7 $2 (26... Ne7 27. Bxb7 Nf5) 27. Qc4 $2 (27. Qd2 $18 {is the precise move to win.}) 27... Nb6 (27... Nf6 $16 {might work better.} 28. Qxf7+ Kxf7) 28. Qxf7+ Kxf7 29. Nc5 Rxd1 30. Rxd1 Ke7 31. Bxb7 Bc7 32. Be4 g6 33. h4 (33. Nb7 $18) 33... Rd8 $16 34. Rc1 Rd4 35. Nb3 (35. Kg2 {with more complications.} Bd6 36. Re1 Rc4 37. Nb7 Rc3 38. h5) 35... Rc4 36. Bd3 Rxc1+ 37. Nxc1 $14 {[%mdl 4096] Endgame KBN-KBN} Nd5 38. Ne2 Bb6 39. Kg2 Kd6 40. Kf3 a5 41. bxa5 Bxa5 42. Be4 Nb6 43. Bd3 Nd5 44. Nc1 Nc3 45. Nb3 Bb6 46. Nd2 {Threatens to win with Nc4+.} Bc5 47. a4 Nxa4 48. Ne4+ Kd5 49. Bc2 Nb2 50. Nf6+ ({Better is} 50. Ng5 $18) 50... Kd4 $16 51. Nxh7 Nd3 {aiming for ...Ne1+.} 52. Bxd3 (52. Ke2 {keeps more tension.} Nxf2 53. Ng5 Kd5 54. Kf3 e4+ 55. Nxe4 Nxe4 56. Bxe4+ Ke6 57. Bxg6 Bb4 58. Bd3) 52... Kxd3 {KB-KN} 53. Ng5 Be7 $1 54. Nh3 Kd4 $2 (54... Bf6 $11 {and Black is okay.}) 55. Kg4 $1 $18 Bf6 $2 {[#]} (55... Kc4 {was necessary.} 56. Ng5 Kd4) 56. Ng5 $2 ({Only move:} 56. f4 $1 $18) 56... Kd5 57. f3 Be7 58. Ne4 Ke6 $2 {[#]} (58... Kd4 $1 $14) 59. Kh3 $1 Kf5 60. Kg2 Bd8 61. Kf2 (61. Nc5 $18) 61... Be7 (61... Ke6 $16) 62. Ke2 (62. Kg1 $18) 62... Ke6 $16 63. Kd3 Bd8 64. Nd2 Kf5 65. Nf1 Ba5 66. Ne3+ Ke6 67. Ng2 Bb4 68. Ke4 Ba5 69. g4 Bc7 70. Ne3 Bd6 71. Nd5 Bc5 72. h5 (72. Nc7+ $14 Kf6 73. Nd5+ Ke6 74. h5 gxh5 75. gxh5) 72... gxh5 $11 {The position is equal.} 73. gxh5 {[%cal Bg4h5,Bh5h6][%mdl 32]} Bf8 74. Ne3 Bh6 75. Nf5 Bg5 $1 76. h6 Kf7 77. Kxe5 Kg6 78. f4 Bf6+ 79. Ke6 {Ne7+ would kill now.} Bb2 80. Ne3 {Hoping for Ng4.} Kxh6 81. Nc4 Bg7 82. f5 Kg5 83. Nd6 Kf4 84. Ne8 Bb2 85. Nf6 Ba1 86. Ng8 Bb2 87. Ne7 Ba1 88. Ng6+ Ke4 89. Nf8 Bb2 90. Nd7 Ba1 91. Nc5+ Kf4 92. Nb3 Bb2 93. Nd2 Ba1 {Precision: White = 47%, Black = 56%.} 1/2-1/2

[Event "FIDE WCCC U12 2018"]
[Site "Santiago de Compostela"]
[Date "2018.11.11"]
[Round "7"]
[White "Guo, Arthur"]
[Black "Rakhmatullaev, Almas"]
[Result "1-0"]
[WhiteElo "2333"]
[BlackElo "1921"]
[Annotator "TA"]
[PlyCount "87"]
[EventDate "2018.11.04"]
[EventType "swiss"]
[EventCountry "ESP"]
[SourceTitle "playchess.com"]
[Source "ChessBase"]
[SourceQuality "1"]

{[%evp 21,87,4,19,5,63,65,53,54,50,57,103,113,114,105,135,76,76,76,76,76,77,84,106,104,102,74,72,66,64,56,54,68,85,70,101,106,110,114,118,117,117,114,191,231,209,19,115,52,57,42,48,53,323,314,514,515,508,501,595,584,578,502,29966,943,29984,29985,29988,29970]} 1. e4 e5 2. Nf3 Nc6 3. Bb5 {[%cal Bf1b5,Bb5a4,Ba4b3][%mdl 32]} a6 4. Ba4 Nf6 5. O-O Be7 6. d3 b5 7. Bb3 O-O 8. a4 b4 9. a5 d6 10. Nbd2 Be6 {C84: Closed Ruy Lopez: Unusual White 6th moves} (10... h6 11. Re1 Rb8 12. h3 Be6 13. Ba4 Nxa5 14. d4 c5 15. dxe5 dxe5 16. Nxe5 c4 17. Qe2 Rc8 18. Ndf3 {½-½ (25) Vitiugov,N (2730)-Tomashevsky,E (2702) Satka 2018}) 11. Nc4 Nd7 {LiveBook: 3 Games} 12. Be3 Kh8 (12... Bf6 $11) 13. Re1 $146 ({Predecessor:} 13. c3 f5 14. exf5 Bxf5 15. Ba4 Ncb8 16. h3 Qe8 17. d4 Qg6 18. Kh1 {0-1 (41) Hodgson,J (2183)-Healey,M (2108) Coulsdon 2013}) 13... Bg4 14. h3 Bxf3 15. Qxf3 Nd4 16. Bxd4 $1 exd4 17. e5 dxe5 18. Nxe5 ({White should play} 18. Rxe5 Bf6 19. Rh5) 18... Nxe5 $16 19. Rxe5 Bd6 20. Re2 Qg5 21. Bd5 Rae8 22. Rxe8 Rxe8 23. g3 {[%cal Bg2g3,Bg3g4,Bg4g5][%mdl 32]} ({Not} 23. Bxf7 Rf8 $15) 23... Qd2 24. Bb3 f5 25. Rd1 $40 {[%mdl 128] White is up to no good.} Qg5 26. h4 Qg6 27. Kf1 f4 {[%cal Rf4g3]} 28. g4 $1 Qf6 29. Re1 Rf8 30. g5 Qf5 31. Bd5 g6 (31... b3 $16) 32. Re6 Kg7 33. Re4 $2 (33. b3 $18) 33... Be5 ({Wrong is} 33... Qxd5 $2 34. Re7+ $1 {[%mdl 512]} Qf7 35. Rxf7+ Rxf7 36. Qb7 $18) (33... h6 $1 $11 {remains equal.}) 34. b3 (34. Re1 $16) 34... h6 $14 35. gxh6+ Kxh6 36. Re1 Bg7 $2 {[%mdl 8192] [#]} (36... Bd6 $1 $14) 37. Re7 $1 $18 Qf6 $2 (37... Rf6 38. Rxc7 Bf8) 38. Re6 Qxh4 {intending ...Rf6.} 39. Rxa6 Rf5 40. Be4 Rg5 41. Bxg6 Rc5 (41... Bf8 $18 42. Rf6 Bd6 43. Be4+ Kg7) 42. Be4+ (42. Qg2 $142 Bf6 43. Be4 Rg5 44. Rxf6+ Kg7 45. Rg6+ Rxg6 46. Qxg6+ Kf8 47. a6) 42... Bf6 43. Qg2 {[%csl Ge4][%cal Rg2g6]} Qg5 44. Qh3+ {Precision: White = 56%, Black = 33%.} 1-0

[Event "FIDE WCCC U12 2018"]
[Site "Santiago de Compostela"]
[Date "2018.11.11"]
[Round "7"]
[White "Kostolansky, Sebastian Lukas"]
[Black "Chasin, Nico"]
[Result "0-1"]
[WhiteElo "2323"]
[BlackElo "2189"]
[Annotator "TA"]
[PlyCount "82"]
[EventDate "2018.11.04"]
[EventType "swiss"]
[EventCountry "ESP"]
[SourceTitle "playchess.com"]
[Source "ChessBase"]
[SourceQuality "1"]

{[%evp 14,82,38,16,61,-28,-33,-37,-9,-35,0,-29,27,-14,0,0,6,-20,-10,-28,16,50,54,72,91,71,65,14,14,9,38,-9,0,-33,-21,-26,-18,-109,-107,-107,-80,-200,-167,-195,-189,-167,-185,-166,-151,-123,85,-378,-358,-367,-375,-1502,-1491,-29988,-29989,-29989,-29989,-29989,-29990,-29989,-29989,-29989,-29990,-29996,-29990,-29990,-29991]} 1. e4 c5 2. Nf3 e6 3. d4 cxd4 4. Nxd4 Nf6 5. Nc3 d6 6. Be3 a6 7. Qf3 Qc7 {B80: Sicilian Scheveningen: 6 g3 and 6 Be3, including English Attack} (7... Nbd7 8. O-O-O h5 9. h4 Qc7 10. Qg3 Ne5 11. f3 Bd7 12. Kb1 b5 13. a3 Rb8 14. f4 Neg4 15. Bc1 b4 16. axb4 Rxb4 {0-1 (47) Ponkratov,P (2613)-Moranda,W (2593) Katowice 2017}) 8. O-O-O {LiveBook: 15 Games} b5 {[%cal Bb7b5,Bb5b4][%mdl 32]} 9. g4 ({White should play} 9. Bxb5+ $1 $14 axb5 10. Ndxb5) 9... b4 $146 {[%cal Rb4c3] Black has an edge.} ({Predecessor:} 9... Bb7 10. g5 Nfd7 {1-0 (10) Schneider,J (2190)-Miljkovic,J (1869) Duesseldorf 2017}) 10. Nce2 Bb7 11. Ng3 Nc6 12. Nxc6 (12. Qe2 {looks sharper.} d5 13. Bg2 Bd6 14. exd5 Ne7 15. dxe6 Bxg2 16. exf7+ Kxf7 17. Rhg1) 12... Bxc6 (12... Qxc6 $142 13. Bd3 Be7) 13. Bd3 a5 14. Kb1 a4 15. g5 Nd7 16. Qe2 Rb8 17. f4 a3 18. b3 g6 19. Bd4 e5 20. fxe5 (20. Ba1 $1 $14) 20... dxe5 21. Be3 Bc5 22. Bxc5 Nxc5 23. Bc4 O-O 24. h4 {Hoping for h5.} Bd7 25. h5 (25. Qd2 $11) 25... Be6 $17 26. hxg6 fxg6 27. Rh6 (27. Rc1 $17 {was necessary.}) 27... Qf7 {...Na4! is the strong threat.} 28. Bd5 Bxd5 $1 29. exd5 Qf3 30. Qe1 Rbd8 $40 {[%mdl 128] Black has strong attack.} 31. d6 e4 $2 {[#]} (31... Rf4 $1 $17 {stays on course. Threatens to win with ...Ne4.} 32. Ne2 Rg4) 32. Ne2 $2 {[%mdl 8192] [#]} (32. Rh1 $1 $16 {is necessary to keep the advantage.}) 32... e3 $1 $19 33. Nd4 Qg4 {And now ...Ne4 would win.} 34. Qh1 $2 (34. Rh4 Qxg5 35. Rh3) 34... Ne4 {( -> ...Nd2+)} 35. Nc6 Nc3+ {Black mates.} 36. Kc1 Nxa2+ 37. Kb1 Nc3+ 38. Kc1 Qxd1+ 39. Qxd1 Nxd1 40. Nxd8 Rxd8 41. Kxd1 a2 {Precision: White = 26%, Black = 52%.} 0-1

[Event "FIDE WCCC U12 2018"]
[Site "Santiago de Compostela"]
[Date "2018.11.11"]
[Round "7"]
[White "Lazavik, Denis"]
[Black "Razafindratsima, Timothe"]
[Result "1/2-1/2"]
[WhiteElo "2235"]
[BlackElo "2092"]
[Annotator "TA"]
[PlyCount "100"]
[EventDate "2018.11.04"]
[EventType "swiss"]
[EventCountry "ESP"]
[SourceTitle "playchess.com"]
[Source "ChessBase"]
[SourceQuality "1"]

{[%evp 25,100,31,26,29,39,28,28,26,33,39,32,25,31,20,20,20,21,23,34,32,34,24,46,29,29,29,31,25,20,19,23,10,17,19,31,0,31,18,30,30,38,0,0,0,8,5,32,32,32,32,30,20,20,16,25,0,0,0,0,0,8,2,6,0,10,-4,-1,-32,0,0,0,-8,0,0,8,8,17]} 1. d4 Nf6 2. c4 g6 3. g3 Bg7 4. Bg2 d5 5. cxd5 Nxd5 6. Nf3 Nb6 7. Nc3 Nc6 {[%cal Bb8c6,Bc6e7,Be7f5,Bf5d4][%mdl 32]} 8. e3 e5 9. d5 {D71: Fianchetto Grünfeld: 3 g3 d5 sidelines and 5 cxd5 (without Nf3)} Ne7 10. e4 Bg4 11. h3 Bxf3 12. Qxf3 c6 (12... O-O 13. O-O c6 14. Rd1 cxd5 {½-½ (14) Laznicka,V (2672)-Li,C (2722) Chartres 2017}) 13. O-O cxd5 {LiveBook: 8 Games} 14. exd5 Nf5 15. d6 O-O 16. Rd1 Nd4 17. Qxb7 Qxd6 18. Bg5 $146 Qe6 19. Rac1 a5 20. Qe7 {[#] Threatens to win with Qxe6.} Rac8 21. Qxe6 fxe6 22. Rb1 Nc4 23. Ne4 h6 24. Bd2 (24. Be7 {feels hotter.} Rf7 25. Bc5 Rfc7 26. b3 Rxc5 27. Nxc5 Na3 28. Nb7) 24... Nxd2 25. Rxd2 Rc7 26. Rd3 Rb8 27. Ra3 Ra7 28. Kh2 Bf8 29. Rc3 Kf7 30. b3 Ba3 31. Rd1 Rd8 32. Rcd3 Rad7 33. Nc3 Bb4 34. Na4 {Black should prevent Nb6.} Ke7 {[#] Hoping for ...Nf3+!} 35. Nb2 Nf5 (35... g5 {seems wilder.} 36. Re3 Rc7 37. Nc4 Nf5 38. Red3 Rd4) 36. Rxd7+ Rxd7 37. Rxd7+ Kxd7 $14 {[%mdl 4096] Endgame KBN-KBN} 38. Nd3 Kd6 39. Be4 Bc3 40. a3 g5 41. b4 axb4 42. Nxb4 Nd4 43. Nd3 Nb3 44. Nb4 Nd4 45. Na2 Bd2 46. Kg2 Kc5 47. Bd3 {The position is equal.} Kd5 48. f3 Be1 49. Nb4+ Kc5 50. Nc2 Nxc2 {Precision: White = 51%, Black = 60%.} 1/2-1/2

[Event "FIDE WCCC U12 2018"]
[Site "Santiago de Compostela"]
[Date "2018.11.11"]
[Round "7"]
[White "Shen, Shiyan"]
[Black "Samadov, Read"]
[Result "1-0"]
[WhiteElo "2187"]
[BlackElo "2029"]
[Annotator "TA"]
[PlyCount "141"]
[EventDate "2018.11.04"]
[EventType "swiss"]
[EventCountry "ESP"]
[SourceTitle "playchess.com"]
[Source "ChessBase"]
[SourceQuality "1"]

{[%evp 22,141,21,16,10,17,25,10,49,29,31,29,29,25,20,22,33,34,36,33,41,45,91,91,91,91,91,83,89,80,85,86,91,95,95,89,134,132,127,110,147,66,68,66,68,69,73,71,147,147,133,135,123,0,0,0,173,102,112,22,26,8,108,75,102,0,0,0,0,0,135,0,0,0,0,0,0,0,0,0,0,0,0,0,0,0,0,0,12851,12851,29965,29966,29970,29971,29971,29972,29972,29973,29973,29974,29974,29975,29974,29976,29976,29975,29975,29976,29979,29978,29978,29979,29978,29979,29986,29987,29987,29988,29989,29990,29990,29991]} 1. e4 e6 2. d4 d5 3. Nd2 c5 4. exd5 exd5 5. Ngf3 Nc6 6. Bb5 Bd6 7. dxc5 Bxc5 8. O-O Nge7 9. Nb3 Bd6 10. Bg5 O-O 11. Bh4 Bg4 12. Bg3 {LiveBook: 24 Games} Rc8 {C09: French Tarrasch: 3...c5 4 exd5 exd5 5 Ngf3 Nc6} 13. c3 Bxg3 14. hxg3 Ne5 $146 {The position is equal.} ({Predecessor:} 14... Nf5 15. Bd3 Nd6 16. Qd2 Bxf3 17. gxf3 Qf6 18. f4 g6 19. Rfe1 Rfd8 20. Rad1 {1-0 (40) Belozerov,A (2507)-Pozharsky,N (2167) Novosibirsk 2001}) 15. Nbd4 Qb6 16. Re1 N7c6 17. Bxc6 Bxf3 18. Qb3 Qxb3 19. axb3 Nxc6 20. Nxc6 bxc6 21. gxf3 $11 {[%mdl 4096] Endgame KRR-KRR} Rb8 22. b4 Rb7 23. Ra6 Rc7 24. Rea1 Ra8 25. Kf1 Kf8 26. R1a5 Ke7 27. Ke2 h5 28. f4 g6 29. Ke3 f6 30. b5 c5 31. f5 ({Better is} 31. b3 $16) 31... gxf5 $14 32. Kf4 d4 33. Kxf5 {Re6+ is the strong threat.} d3 34. Re6+ Kf8 ({Black should play} 34... Kf7) 35. Rd6 $16 c4 36. b6 Rb7 37. Rc5 (37. Rxf6+ Kg7 $18) (37. Kxf6 $16 {And now f4 would win.} Rf7+ 38. Ke5) 37... Rxb6 $11 38. Rd7 d2 $2 {[#]} ({Wrong is} 38... Rxb2 $2 39. Kg6 $18) (38... a5 $11 {and Black has nothing to worry.}) 39. Rxd2 (39. Rcc7 $1 $18) 39... Rab8 40. Rxc4 ({White should try} 40. f4 $16) 40... Rxb2 41. Rd7 {Strongly threatening Kg6.} R2b7 (41... Rxf2+ $11 42. Kg6 Rg2) 42. Rxb7 Rxb7 {[#]} 43. Kxf6 $16 {KR-KR} (43. Kg6 $1 $16) 43... Rf7+ $11 44. Kg6 {Black must now prevent Rc8+.} Rxf2 45. Kxh5 Rf6 (45... a5 $11) 46. g4 (46. Rc8+ $16 Kg7 47. Rc5) 46... a5 $1 47. Ra4 (47. Rc8+ {seems wilder.} Kg7 48. Rc7+ Kf8 49. g5 Ra6 50. g6) 47... Rc6 48. c4 (48. Rxa5 Rxc3 49. Rg5 Rc6 $14) 48... Kg7 49. Kg5 ({But not} 49. Rxa5 $6 Rxc4 50. Ra7+ Kh8 $16) 49... Rc5+ 50. Kf4 Kf6 51. Ke4 (51. g5+ $5 Rxg5 52. Ra1 $11) 51... Ke6 52. Kd4 Rg5 53. Ra3 Rxg4+ 54. Kc5 Rg5+ $2 {[%mdl 8192]} (54... Kd7 $11) 55. Kc6 $18 Ke7 56. c5 {[%cal Bc4c5,Bc5c6][%mdl 32] White mates.} Kd8 57. Rxa5 Rg6+ 58. Kb7 Rg7+ 59. Kb6 Rg1 60. Ra8+ Ke7 61. c6 Rb1+ 62. Kc7 Rc1 63. Ra2 Rc4 64. Re2+ Kf7 65. Kd7 Rd4+ 66. Kc8 Rc4 67. c7 Kf8 68. Re5 Kf7 69. Kd7 Rd4+ 70. Kc6 Rc4+ 71. Rc5 {Precision: White = 63%, Black = 57%.} 1-0

[Event "FIDE WCCC U12 2018"]
[Site "Santiago de Compostela"]
[Date "2018.11.11"]
[Round "7"]
[White "Zhou, Liran"]
[Black "Yavuz, Efe Metehan"]
[Result "0-1"]
[WhiteElo "2186"]
[BlackElo "1828"]
[Annotator "TA"]
[PlyCount "96"]
[EventDate "2018.11.04"]
[EventType "swiss"]
[EventCountry "ESP"]
[SourceTitle "playchess.com"]
[Source "ChessBase"]
[SourceQuality "1"]

{[%evp 21,96,12,28,10,20,11,17,12,12,29,27,-6,70,-22,0,-27,-28,-24,5,-22,0,0,0,-12,-11,-18,-17,-36,-30,-30,-34,-38,-41,-119,-103,-132,-132,-132,-132,-165,-160,-171,-169,-300,-154,-165,-165,-234,-234,-234,-234,-232,-230,-389,-310,-372,-372,-372,-372,-339,-323,-291,-269,-413,-413,-662,-644,-922,-909,-1136,-1247,-1242,-1110,-29965,-10138,-2305,-1657]} 1. e4 e5 2. Nf3 Nf6 3. Nxe5 d6 4. Nf3 Nxe4 5. Nc3 Nxc3 6. dxc3 Be7 7. Be3 O-O 8. Qd2 Nc6 9. O-O-O Ne5 10. Kb1 {C42: Petroff Defence: 3 Nxe5 and unusual White 3rd moves} (10. Nxe5 dxe5 11. Bd3 Be6 12. Kb1 Qe8 13. Qe2 f5 14. f3 Qf7 15. b3 Bd6 16. Rhf1 Kh8 17. Bc1 b6 18. h4 Qh5 19. Qe1 {½-½ (38) Sasikiran,K (2669)-Ivanchuk,V (2738) Matanzas 2017}) 10... c6 11. h4 Qa5 {LiveBook: 10 Games} 12. h5 {White has an edge.} Be6 13. a3 Nxf3 14. gxf3 Qd5 15. Qxd5 Bxd5 16. Bg2 $146 ({Predecessor:} 16. Rh3 Rfe8 17. Bd3 {½-½ (17) Boschma,B (2085)-Kubasky,A (2245) ICCF email 2007}) 16... f5 {[#]} (16... Bf6 $11) 17. Bf4 (17. Rxd5 $1 $14 {[%mdl 512]} cxd5 18. f4) 17... Rad8 18. a4 a6 19. a5 Rfe8 20. b3 Kf7 21. Be3 Bf6 22. c4 Be6 23. Bb6 Rd7 24. Rhe1 d5 25. cxd5 Bxd5 26. Rxe8 Kxe8 27. Re1+ ({White should play} 27. Bh3 $15) 27... Re7 $17 28. Rxe7+ Kxe7 {[%mdl 4096] Endgame KBB-KBB} 29. c4 Bf7 30. Kc2 Bxh5 31. f4 Kd7 32. b4 (32. Bc5 $142) 32... Kc8 (32... Be2 $19 33. Kb3 Bd1+ 34. Ka3 g6) 33. Kd3 Be7 34. Kc3 {[#]} (34. Bc5 $142 Bxc5 35. bxc5) 34... Be2 $1 $19 35. Bd4 g6 36. Be5 Kd7 37. Bh1 $2 (37. c5) 37... Ke6 38. Bg7 h5 {[%cal Bh7h5,Bh5h4][%mdl 32]} 39. Bg2 h4 40. Bd4 Bd6 41. Be3 Kf7 42. b5 (42. f3 $142) 42... axb5 43. c5 (43. cxb5 $142 Bxb5 44. Bd2) 43... Bc7 44. a6 bxa6 45. Bxc6 h3 46. Bd5+ Ke7 47. c6 Kd6 48. Bh1 Bf1 {Precision: White = 34%, Black = 57%.} 0-1

[Event "FIDE WCCC U12 2018"]
[Site "Santiago de Compostela"]
[Date "2018.11.11"]
[Round "7"]
[White "Chyzy, Jakub"]
[Black "Zhao, Jeffrey Renfei"]
[Result "0-1"]
[WhiteElo "2136"]
[BlackElo "1889"]
[Annotator "TA"]
[PlyCount "76"]
[EventDate "2018.11.04"]
[EventType "swiss"]
[EventCountry "ESP"]
[SourceTitle "playchess.com"]
[Source "ChessBase"]
[SourceQuality "1"]

{[%evp 23,75,20,68,53,91,99,94,103,139,117,142,108,102,65,78,0,47,68,70,36,175,189,174,50,66,-20,7,38,22,-430,-420,-427,-445,-753,-743,-805,-753,-5481,-860,-29978,-1398,-1164,962,924,5157,-1180,-1116,-2918,-2917,-29996,-29997,-29998,-29999,-29999]} 1. e4 c5 2. Nf3 d6 3. d4 Nf6 4. Nc3 cxd4 5. Nxd4 a6 6. Be3 e5 7. Nb3 Be6 8. h3 {B90: Sicilian Najdorf: Unusual White 6th moves, 6 Be3 Ng4 and 6 Be3 e5} (8. f3 Be7 9. Qd2 O-O 10. O-O-O Nbd7 11. g4 b5 12. g5 Nh5 13. Nd5 Bxd5 14. exd5 f6 15. gxf6 Bxf6 16. Kb1 Nf4 17. Na5 Nb6 18. Nc6 Qc7 19. Bxf4 exf4 20. c3 Rae8 21. Rg1 {½-½ (88) So,W (2776)-Wojtaszek,R (2727) Batumi 2018}) 8... Be7 9. f4 exf4 10. Bxf4 Nc6 11. Qe2 O-O 12. O-O-O Qc7 {LiveBook: 33 Games} 13. g4 {[%cal Bg2g4,Bg4g5][%mdl 32]} b5 14. g5 Nd7 15. h4 $146 ({Predecessor:} 15. Nd5 Bxd5 16. exd5 Nce5 17. h4 Rae8 18. Qg2 Bd8 {1-0 (53) Mueller Alves,M (2318)-Zacharov,O (2142) LSS email 2012}) 15... b4 16. Nd5 Bxd5 17. exd5 Nce5 18. Bh3 Rfe8 19. Qh2 ({Better is} 19. Nd4 $16) 19... Bf8 20. h5 a5 $1 {[%cal Ra5a4] ...a4 is the strong threat.} 21. Nd4 Nb6 {[#]} ({Black should play} 21... a4 $14) 22. g6 $1 $18 {[%mdl 512]} Nxd5 (22... fxg6 23. Be6+) 23. Bxe5 (23. Bg2 $18 Nxf4 24. Qxf4) 23... dxe5 $14 24. Nb5 (24. Nf3 $14 Nf6 25. Ng5 fxg6 26. hxg6) 24... Qc5 (24... Qc6 {with more complications.} 25. Qg2 Rad8 26. Rxd5 Qxd5 27. Qxd5 Rxd5 28. Nc7 Rdd8) 25. gxf7+ Kxf7 26. Rxd5 $4 {[%mdl 8192]} (26. Bd7 $11 {and White stays safe.}) 26... Qxd5 $19 27. Nc7 Qxa2 {Threatens to win with ...Rad8!} 28. Nxa8 (28. Bd7 $142 Rad8 29. Qh3 Qa1+ 30. Kd2 Qxb2 31. Rf1+ Kg8 32. Nxe8 Qd4+ 33. Kc1 Qxd7 34. Qb3+ Qd5 35. Qxd5+ Rxd5 36. h6) 28... Rd8 {[%cal Ra2a1]} 29. Rf1+ Kg8 {[%cal Ra2a1]} 30. c4 b3 (30... bxc3 $142 31. Be6+ Qxe6) 31. Be6+ Kh8 {[%cal Ra2a1]} 32. Bf5 a4 $4 {[%mdl 8192]} (32... Bc5 $19 33. Qxe5 Bb4) 33. Bb1 $18 Qa1 34. Qf2 $4 {[%mdl 8192] [#]} (34. h6 $18 gxh6 35. Qh4 Rxa8 36. Qe4 Qxb1+ 37. Kxb1) 34... Be7 $1 $19 {[%cal Re7g5]} 35. Qf5 e4 $1 {( -> ...a3)} 36. Qxe4 Bg5+ {Black mates.} 37. Rf4 {[#]} Qxb1+ $1 {[%mdl 512]} 38. Qxb1 (38. Kxb1 Rd1#) 38... Bxf4# {Precision: White = 27%, Black = 38%.} 0-1